Racing Tracks by their Onboards - Statistics

General Stats
  • This quiz has been taken 180 times
  • The average score is 7 of 8
Answer Stats
Picture Answer % Correct
Spa | Belgium
99%
Monaco
95%
Zandvoort | Netherlands | Dutch
94%
Great Britain | Silverstone | GBR
92%
Qatar | Lusail
92%
Brazil | Sao Paulo | Interlagos
91%
Canada | Montreal
80%
Austin | Texas | USA
71%
No matching quizzes found
Score Distribution
Percent of People with Each Score
Percentile by Number Answered
Your Score History
You have not taken this quiz